சோஃபகிளீஸின் அன்டிகனி/
Saved in:
| Main Author: | |
|---|---|
| Other Authors: | |
| Format: | Book |
| Language: | English Tamil |
| Published: |
கொழும்பு;
குமரன் புத்தக இல்லம்,
2015
|
| Subjects: | |
| Tags: |
Add Tag
No Tags, Be the first to tag this record!
|
MARC
| LEADER | 00000nam a22000007a 4500 | ||
|---|---|---|---|
| 005 | 20260409154546.0 | ||
| 008 | 260409b |||||||| |||| 00| 0 eng d | ||
| 020 | |a 9789556594591 | ||
| 041 | |a tam |h tam | ||
| 082 | |a 894.8112 |b சோஃப | ||
| 100 | |a , . | ||
| 245 | |a சோஃபகிளீஸின் அன்டிகனி/ |c . | ||
| 260 | |a கொழும்பு; |b குமரன் புத்தக இல்லம், |c 2015 | ||
| 300 | |a vi,178p.: |b ; |c 21.5cm | ||
| 500 | |a Purchased | ||
| 650 | |a தமிழ் நாடகம் |9 117126 | ||
| 700 | |a சண்முகலிங்கம்,ம.(மொழிபெயர்ப்பு -தமிழ்) |9 117127 | ||
| 942 | |c BK | ||
| 999 | |c 71197 |d 71197 | ||